00663nam a2200205Ia 450000500170000000800410001702000240005804000190008204100120010108200130011324500880012626001000021430000120031450400360032663000190036265000130038165100180039470000340041285000110044620231129091128.0131103s9999 xx 000 0 und d a8126114622cRs 1800 aLoreto College aEnglish a396bPAN aGender Equality, Development and Women Empowermentc Editor-in-Chief : A.K.Pandey aNew DelhibInstitute of Sustainable development, Lucknow and Anmol Publications Pvt. Ltd.c2003 ax,323p  aIncludes bibliography and index aGender Studies aFeminism aWomen Studies aPandey, A.K., Editor-in-Chief aLCLIB